000 00298 a2200145 4500
001 62028
020 _a9788589558129
040 _cAnchieta - Pituba
240 1 0 _aPão diário
_lpor
245 1 0 _aPão diário
300 _a360
362 0 _a2008
650 4 _aLiteratura devocional
942 _cBK
999 _c62028
_d62028